• 首页
  • 本馆介绍
  • 公告通知
  • 最新文献
  • 馆藏检索
  • 电子资源
  • 读者导购
  • 参考咨询
  • 我的图书馆
  • 登录
  • 详细信息显示
  • 放入我的书架
  • 预约/预借图书
  • 作者相关作品
  • 分类相关作品
  • 丛书相关作品
  • 出版社相关作品

书目信息

  • 表格格式
  • 工作单格式
  • 卡片格式
题名:
呕心沥血铸精品
    
 
作者: 宋应离 编
分册:  
出版信息: 北京   首都师范大学出版社  2010
页数: 264页
开本: 24cm
丛书名: 书林守望丛书
单 册:
中图分类: G232-53
科图分类:
主题词: 编辑工作--文集
电子资源:
ISBN: 978-7-5656-0246-7
000 00969oam2 2200265 450
001 3660
005 20180527173603.61
010    @a978-7-5656-0246-7@dCNY38.00
100    @a20110402d2010 em y0chiy50 ea
101 0  @achi
102    @aCN@b110000
105    @aa z 000yy
200 1  @a呕心沥血铸精品@9ou xin li xue zhu jing pin@e现当代名编辑叙录@f宋应离编
210    @a北京@c首都师范大学出版社@d2010
215    @a264页@c图@d24cm
225 2  @a书林守望丛书
300    @a本丛书得到韬奋基金会资金资助 “十一五”国家重点图书出版规划项目
330    @a本书包括:鲁迅关于提高书刊编校质量的几封信;重金礼聘校对老手;叶圣陶书信选编;叶圣陶日记选编;值得永远干下去的事;谈谈开明书店;出版史料和出版事业等内容。
461  0 @12001 @a书林守望丛书
517 1  @a现当代名编辑叙录@9xian dang dai ming bian ji xu lu
606 0  @a编辑工作@j文集
690    @aG232-53@v5
701  0 @a宋应离@9song ying li@4编
801  0 @aCN@b91MARC@c20130904
905    @aMuseLib@dG232-53@e91
    
    呕心沥血铸精品:现当代名编辑叙录/宋应离编.-北京:首都师范大学出版社,2010
    264页:图;24cm.-(书林守望丛书)
    本丛书得到韬奋基金会资金资助 “十一五”国家重点图书出版规划项目
    
    ISBN 978-7-5656-0246-7:CNY38.00
    本书包括:鲁迅关于提高书刊编校质量的几封信;重金礼聘校对老手;叶圣陶书信选编;叶圣陶日记选编;值得永远干下去的事;谈谈开明书店;出版史料和出版事业等内容。
●
相关链接 在E读中查询图书 在五车中查询图书 在当当中查询图书 在豆瓣中查询图书


正题名:呕心沥血铸精品     索取号:G232-53/91         预约/预借

序号 登录号 条形码 馆藏地/架位号 状态 备注
1 1110108   211101083   第一样本阅览室/ [索取号:G232-53/91] 在馆    
2 1110109   211101092   教育系资料室/ [索取号:G232-53/91] 在馆    
3 1110110   211101109   教育系资料室/ [索取号:G232-53/91] 在馆    
4 1110111   211101118   第四借阅区/ [索取号:G232-53/91] 在馆    
唐山师范学院图书馆 欢迎您!
大连网信软件有限公司© 版权所有